Consecuencias de la caida de la fecundidad sobre los intercambios entre generacions (Registro nro. 439690)

Detalles MARC
001 - NÚMERO DE CONTROL
campo de control 1059830
005 - FECHA Y HORA DE LA ÚLTIMA TRANSACCIÓN
campo de control 20250219101717.0
008 - DATOS DE LONGITUD FIJA--INFORMACIÓN GENERAL
campo de control de longitud fija 071204e20070901 spa
035 ## - NÚMERO DE CONTROL DEL SISTEMA
Número de control de sistema 1059830
035 ## - NÚMERO DE CONTROL DEL SISTEMA
Número de control de sistema (OCoLC)820380005
040 ## - FUENTE DE LA CATALOGACIÓN
Centro/agencia transcriptor comduadb
041 ## - CÓDIGO DE LENGUA
Código de lengua del texto/banda sonora o título independiente spa
100 10 - ENTRADA PRINCIPAL--NOMBRE DE PERSONA
Nombre de persona Meil Landwerlin, Gerardo,
Fechas asociadas al nombre 1958-
Código de función aut
Término indicativo de función/relación Autor/a
9 (RLIN) 294674
245 10 - MENCIÓN DE TÍTULO
Título Consecuencias de la caida de la fecundidad sobre los intercambios entre generacions
650 ## - PUNTO DE ACCESO ADICIONAL DE MATERIA--TÉRMINO DE MATERIA
Término de materia o nombre geográfico como elemento de entrada Estructura familiar - España
9 (RLIN) 156711
650 #7 - PUNTO DE ACCESO ADICIONAL DE MATERIA--TÉRMINO DE MATERIA
Término de materia o nombre geográfico como elemento de entrada Familia
Subdivisión general Aspectos sociales
Fuente del encabezamiento o término
9 (RLIN) 36732
650 ## - PUNTO DE ACCESO ADICIONAL DE MATERIA--TÉRMINO DE MATERIA
Término de materia o nombre geográfico como elemento de entrada Fecundidad - España
9 (RLIN) 155422
650 ## - PUNTO DE ACCESO ADICIONAL DE MATERIA--TÉRMINO DE MATERIA
Término de materia o nombre geográfico como elemento de entrada Tasa de fecundidad
9 (RLIN) 24099
650 ## - PUNTO DE ACCESO ADICIONAL DE MATERIA--TÉRMINO DE MATERIA
Término de materia o nombre geográfico como elemento de entrada Generaciones alternantes
9 (RLIN) 30257
773 0# - ENLACE AL DOCUMENTO FUENTE/ENTRADA DE REGISTRO ANFITRIÓN
Título Revista Internacional de Sociología (Madrid)
Parte(s) relacionada(s) Vol. 65, No. 48, Sep.-Dic. 2007, p. 9-31
Número de control del registro 132974
Número Internacional Normalizado para Publicaciones Seriadas 0034-9712
Número bibliográfico anfitrión 70309
942 ## - ELEMENTOS DE ENTRADA AGREGADA (KOHA)
Tipo de ítem Koha Artículo de Revista

No hay ítems disponibles.